| 000 | 01129cam a2200337 a 4500 | ||
|---|---|---|---|
| 001 | 8742344 | ||
| 003 | ARRUPE | ||
| 005 | 20130425143805.0 | ||
| 006 | m u | ||
| 007 | cr cn||||||||| | ||
| 008 | 101215s2009 ii a s 001 0 eng d | ||
| 020 | _z9788189473969 | ||
| 035 | _a(CaPaEBR)ebr10417446 | ||
| 035 | _a(NNC)8742344 | ||
| 040 |
_aCaPaEBR _cCaPaEBR |
||
| 050 | 1 | 4 |
_aS591 _b.J46 2009eb |
| 100 | 1 |
_aJhonson, Charlotte. _921 |
|
| 245 | 1 | 0 |
_aBiology of soil science _h[electronic resource] / _cCharlotte Jhonson. |
| 250 | _a1st ed. | ||
| 260 |
_aJaipur, India : _bOxford Book Co., _c2009. |
||
| 300 |
_a301 p. : _bill. |
||
| 500 | _aIncludes index. | ||
| 533 |
_aElectronic reproduction. _bPalo Alto, Calif. : _cebrary, _d2011. _nAvailable via World Wide Web. _nAccess may be limited to ebrary affiliated libraries. |
||
| 650 | 0 |
_aSoil science. _922 |
|
| 650 | 0 |
_aSoil biology. _923 |
|
| 655 | 7 |
_aElectronic books. _2local _924 |
|
| 710 | 2 |
_aebrary, Inc. _925 |
|
| 856 | 4 | 0 |
_uhttp://www.columbia.edu/cgi-bin/cul/resolve?clio8742344 _zClick here for full text. |
| 942 |
_2lcc _cREFERENCE |
||
| 999 |
_c117756 _d117756 |
||